[Event "Saarland-ch C 85th"]
[Site "Homburg"]
[Date "2010.03.30"]
[Round "5"]
[White "Decker, Andre"]
[Black "Mueller, Andrea"]
[Result "0-1"]
[WhiteElo "1290"]
[BlackElo "1133"]
[PlyCount "102"]
[EventDate "2010.03.28"]
[EventType "swiss"]
[EventRounds "9"]
[EventCountry "GER"]
[SourceTitle "EXT 2011"]
[Source "ChessBase"]
[SourceDate "2010.11.26"]
[SourceVersion "1"]
[SourceVersionDate "2010.11.26"]
[SourceQuality "1"]

1. e4 e5 2. Nf3 Nc6 3. Bc4 Nf6 4. Nc3 Na5 5. Be2 d6 6. d4 exd4 7. Qxd4 Nc6 8. Qd3 Be7 9. 0-0 0-0 10. Bg5 Ne5 11. Nxe5 dxe5 12. Rfd1 h6 13. Bh4 Nh7 14. Bxe7 Qxe7 15. Rd2 Be6 16. Rad1 Rad8 17. Qe3 Rxd2 18. Rxd2 Rd8 19. Rxd8+ Qxd8 20. Qxa7 Qd2 21. Qxb7 Qe1+ 22. Bf1 Bc4 23. h3 Qxf1+ 24. Kh2 Qxf2 25. Qxc7 Bf1 26. Qc8+ Nf8 27. Qg4 Qxc2 28. Nd5 Qxb2 29. Ne7+ Kh8 30. Nf5 Ng6 31. Qf3 Qe2 32. Ng3 Qxf3 33. gxf3 Bd3 34. a4 Ne7 35. Kg2 Nc6 36. Nf5 Bc2 37. Nd6 Kg8 38. Kg3 Bxa4 39. f4 exf4+ 40. Kxf4 Nd4 41. e5 Bd7 42. h4 Ne6+ 43. Ke4 Nd8 44. Kf4 g6 45. Ne4 Ne6+ 46. Kg3 Kg7 47. Nf6 Bc6 48. Kg4 Nf8 49. Kf4 Nd7 50. Ne8+ Kf8 51. Nc7 Ke7 0-1

[Event "Saarland-ch C 85th"]
[Site "Homburg"]
[Date "2010.03.28"]
[Round "1"]
[White "Kordt, Franz"]
[Black "Mueller, Andrea"]
[Result "1/2-1/2"]
[WhiteElo "1345"]
[BlackElo "1133"]
[PlyCount "96"]
[EventDate "2010.03.28"]
[EventType "swiss"]
[EventRounds "9"]
[EventCountry "GER"]
[SourceTitle "EXT 2011"]
[Source "ChessBase"]
[SourceDate "2010.11.26"]
[SourceVersion "1"]
[SourceVersionDate "2010.11.26"]
[SourceQuality "1"]

1. e4 e5 2. c4 Nf6 3. d3 c6 4. Nc3 d5 5. exd5 cxd5 6. Bg5 d4 7. Ne4 Be7 8. Nxf6+ Bxf6 9. Bd2 0-0 10. Be2 Re8 11. Bf3 Nc6 12. Be4 Rb8 13. f4 Qd6 14. Ne2 Ne7 15. 0-0 Qb6 16. b4 Bd7 17. a4 Bc6 18. fxe5 Bxe5 19. Bxc6 Qxc6 20. Bf4 Qd6 21. Bxe5 Qxe5 22. Rf4 Qe3+ 23. Rf2 Nc6 24. b5 Ne5 25. Kf1 Ng4 26. Rf4 Qxf4+ 27. Nxf4 Ne3+ 28. Kf2 Nxd1+ 29. Rxd1 Re3 30. Rd2 Rd8 31. a5 Kf8 32. Nd5 Re6 33. Nc7 Rf6+ 34. Ke1 Rd7 35. Nd5 Re6+ 36. Kd1 f5 37. Kc2 g5 38. Kb3 Kf7 39. Kb4 b6 40. Ra2 f4 41. Kb3 h5 42. axb6 axb6 43. Nb4 g4 44. Rf2 Rf6 45. Nd5 Rf5 46. Nxb6 Re7 47. Nc8 Rd7 48. Kb4 Kg6 1/2-1/2

[Event "Saarland-ch C 85th"]
[Site "Homburg"]
[Date "2010.03.28"]
[Round "3"]
[White "Puffay, Jana"]
[Black "Mueller, Andrea"]
[Result "1-0"]
[WhiteElo "1279"]
[BlackElo "1133"]
[PlyCount "65"]
[EventDate "2010.03.28"]
[EventType "swiss"]
[EventRounds "9"]
[EventCountry "GER"]
[SourceTitle "EXT 2011"]
[Source "ChessBase"]
[SourceDate "2010.11.26"]
[SourceVersion "1"]
[SourceVersionDate "2010.11.26"]
[SourceQuality "1"]

1. e4 e5 2. Nf3 Nc6 3. Bc4 d6 4. c3 Be7 5. d3 Nf6 6. Nbd2 0-0 7. Nf1 Na5 8. Bb5 c6 9. Ba4 b5 10. Bc2 Bg4 11. h3 Bh5 12. Ng3 Bg6 13. 0-0 Qc7 14. Qe2 d5 15. exd5 Nxd5 16. Nxe5 Bd6 17. Nxg6 fxg6 18. Bd2 Rae8 19. Ne4 Nf4 20. Bxf4 Bxf4 21. b4 Nb7 22. Bb3+ Kh8 23. a4 Nd6 24. f3 Qb6+ 25. Kh1 Nf5 26. Qf2 Be3 27. Qe1 Qc7 28. g4 Qf4 29. gxf5 Rxf5 30. Qg3 Qh6 31. Nd6 Qxh3+ 32. Qxh3 Rh5 33. Qxh5 1-0

[Event "Saarland-ch C"]
[Site "Schiffweiler"]
[Date "2009.04.10"]
[Round "8"]
[White "Wilhelm, Axel"]
[Black "Mueller, Andrea"]
[Result "1-0"]
[WhiteElo "1214"]
[BlackElo "1084"]
[PlyCount "103"]
[EventDate "2009.04.03"]
[EventType "swiss"]
[EventRounds "9"]
[EventCountry "GER"]
[SourceTitle "EXT 2012"]
[Source "ChessBase"]
[SourceDate "2011.11.24"]
[SourceVersion "1"]
[SourceVersionDate "2011.11.24"]
[SourceQuality "1"]

1. e4 e5 2. Nf3 Nc6 3. d4 exd4 4. Nxd4 Bc5 5. Nxc6 Qf6 6. Qd2 Qxc6 7. Bd3 b6 8. 0-0 Bb7 9. Qg5 Qf6 10. e5 Qxg5 11. Bxg5 h6 12. Bd2 0-0-0 13. c3 f6 14. b4 Be7 15. Re1 fxe5 16. Rxe5 Bd6 17. Re1 Nf6 18. Bf5 Rhe8 19. Na3 Rxe1+ 20. Rxe1 Re8 21. Nb5 Rxe1+ 22. Bxe1 a6 23. Nxd6+ cxd6 24. h4 Be4 25. Bh3 d5 26. Kh2 Kc7 27. f3 Bc2 28. g4 d6 29. Kg3 Kc6 30. Kf4 Kb5 31. Bf1+ Kc6 32. Bxa6 Bd1 33. g5 hxg5+ 34. hxg5 Nd7 35. Kg3 Ne5 36. f4 Nc4 37. f5 Kd7 38. Bf2 Ke7 39. Bd4 Ne5 40. Bxb6 Nc4 41. Bxc4 dxc4 42. Bd4 Ba4 43. g6 Kf8 44. Kf4 Bc6 45. Kg5 d5 46. Kf4 Bb7 47. a4 Ba8 48. b5 Bb7 49. a5 Ba8 50. a6 Kg8 51. b6 Bc6 52. b7 1-0

[Event "Saarland-ch C"]
[Site "Schiffweiler"]
[Date "2009.04.04"]
[Round "2"]
[White "Hinsberger, Sascha"]
[Black "Mueller, Andrea"]
[Result "0-1"]
[WhiteElo "1255"]
[BlackElo "1084"]
[PlyCount "40"]
[EventDate "2009.04.03"]
[EventType "swiss"]
[EventRounds "9"]
[EventCountry "GER"]
[SourceTitle "EXT 2012"]
[Source "ChessBase"]
[SourceDate "2011.11.24"]
[SourceVersion "1"]
[SourceVersionDate "2011.11.24"]
[SourceQuality "1"]

1. e4 e5 2. Nc3 Nf6 3. Bc4 Nc6 4. d3 d6 5. Bg5 Be7 6. Nf3 0-0 7. Qd2 Na5 8. Bb3 Nxb3 9. axb3 Be6 10. 0-0 h6 11. Be3 Nh7 12. Rxa7 Rxa7 13. Bxa7 b6 14. Ra1 Ng5 15. Nxg5 Bxg5 16. Qe2 f5 17. exf5 Bxf5 18. f3 Rf7 19. Nd5 Qa8 20. Qf1 Qxd5 0-1

[Event "BL 0405 (Women)"]
[Site "Germany"]
[Date "2005.04.24"]
[Round "11.4"]
[White "Lubbe, Melanie"]
[Black "Mueller, Andrea"]
[Result "1-0"]
[WhiteElo "2030"]
[BlackElo "2079"]
[PlyCount "99"]
[EventDate "2004.11.06"]
[EventType "team-tourn"]
[EventRounds "11"]
[EventCountry "GER"]
[SourceTitle "EXT 2006"]
[Source "ChessBase"]
[SourceDate "2005.11.24"]
[SourceVersion "1"]
[SourceVersionDate "2005.11.24"]
[SourceQuality "1"]
[WhiteTeam "Leipzig Gohlis (W)"]
[BlackTeam "Halle (W)"]
[WhiteTeamCountry "GER"]
[BlackTeamCountry "GER"]

1. e4 d6 2. Nc3 g6 3. d4 Nf6 4. f3 c6 5. Be3 b5 6. Qd2 Nbd7 7. Bd3 Nb6 8. b3 h5 9. a3 Bg7 10. Nge2 a6 11. Rd1 Bb7 12. Nf4 0-0 13. Rg1 Nbd7 14. Be2 Rc8 15. Nd3 e5 16. dxe5 Nxe5 17. Nf2 Qa5 18. b4 Qxa3 19. Nb1 Qa2 20. Qxd6 Nc4 21. Bxc4 Qxc4 22. Qc5 Qxc5 23. Bxc5 Rfd8 24. Nd3 Nd7 25. Bd6 Bf8 26. Bxf8 Kxf8 27. Ke2 Ke7 28. Nd2 c5 29. c3 c4 30. Nf4 Nf6 31. h4 Nd7 32. Nf1 Nb6 33. Ne3 Rxd1 34. Rxd1 Rd8 35. Rxd8 Kxd8 36. Ned5 Nxd5 37. Nxd5 f5 38. Ke3 Ke8 39. Kd4 Kd7 40. Nf4 fxe4 41. fxe4 Kd6 42. Nxg6 Bc6 43. Nf4 Be8 44. g3 Kc6 45. Nd5 Bf7 46. Nf6 Kd6 47. g4 hxg4 48. Nxg4 Ke6 49. Nf2 Kd6 50. Nh3 1-0

[Event "BL 0102 (Women)"]
[Site "Germany"]
[Date "2001.10.28"]
[Round "2.5"]
[White "Cleven, Maria"]
[Black "Mueller, Andrea"]
[Result "1-0"]
[WhiteElo "2047"]
[BlackElo "2139"]
[PlyCount "129"]
[EventDate "2001.10.27"]
[EventType "team-tourn"]
[EventRounds "11"]
[EventCountry "GER"]
[SourceTitle "EXT 2003"]
[Source "ChessBase"]
[SourceDate "2002.11.25"]
[SourceVersion "1"]
[SourceVersionDate "2002.11.25"]
[SourceQuality "1"]
[WhiteTeam "Krefeld"]
[BlackTeam "Halle"]
[WhiteTeamCountry "GER"]
[BlackTeamCountry "GER"]

1. Nf3 Nf6 2. g3 g6 3. b3 Bg7 4. Bb2 0-0 5. Bg2 d6 6. d4 c6 7. 0-0 Nbd7 8. c4 Re8 9. Re1 e5 10. dxe5 dxe5 11. Nxe5 Ng4 12. Nxc6 bxc6 13. Bxg7 Kxg7 14. Qd4+ Ndf6 15. Qxd8 Rxd8 16. Bxc6 Rb8 17. Nc3 Bb7 18. Bxb7 Rxb7 19. Rad1 Rbd7 20. Rxd7 Rxd7 21. Rd1 Re7 22. h3 Ne5 23. f4 Nc6 24. Kf2 Ne4+ 25. Nxe4 Rxe4 26. Kf3 f5 27. Rd7+ Kf6 28. e3 h6 29. a3 Re7 30. Rd3 a5 31. g4 Re6 32. Ke2 Ke7 33. Rd5 fxg4 34. hxg4 Rd6 35. Rb5 Ke6 36. b4 axb4 37. axb4 Kd7 38. Kf3 Re6 39. Rd5+ Rd6 40. b5 Ne7 41. Re5 Re6 42. Rxe6 Kxe6 43. e4 Kd6 44. e5+ Kc5 45. Ke4 h5 46. gxh5 gxh5 47. f5 h4 48. f6 h3 49. fxe7 h2 50. e8Q h1Q+ 51. Kf5 Qh3+ 52. Kf6 Qh4+ 53. Kg7 Qg5+ 54. Kf8 Qh6+ 55. Ke7 Qg7+ 56. Kd8 Kxc4 57. Qc6+ Kb3 58. e6 Qd4+ 59. Ke8 Qh8+ 60. Kd7 Qd4+ 61. Kc7 Qa7+ 62. Kc8 Kb4 63. b6 Qa6+ 64. Kc7 Qd3 65. Qd6+ 1-0

[Event "BL 9900 (Women)"]
[Site "Germany"]
[Date "2000.02.06"]
[Round "7.4"]
[White "Mueller, Andrea"]
[Black "Kas Fromm, Rita"]
[Result "1-0"]
[WhiteElo "2131"]
[BlackElo "2214"]
[PlyCount "146"]
[EventDate "1999.10.16"]
[EventType "team-tourn"]
[EventRounds "11"]
[EventCountry "GER"]
[SourceTitle "CBM 075 Extra"]
[Source "ChessBase"]
[SourceDate "2000.05.11"]
[SourceVersion "2"]
[SourceVersionDate "2000.05.11"]
[SourceQuality "1"]
[WhiteTeam "Halle USV"]
[BlackTeam "Hamburger SK"]
[WhiteTeamCountry "GER"]
[BlackTeamCountry "GER"]

1. d4 d5 2. c4 e6 3. Nf3 c6 4. g3 f5 5. Bg2 Nf6 6. 0-0 Bd6 7. Bf4 Bxf4 8. gxf4 0-0 9. Nc3 Ne4 10. Ne5 Nd7 11. Nxe4 fxe4 12. e3 Nxe5 13. dxe5 Qh4 14. f3 exf3 15. Qxf3 Bd7 16. Rad1 Be8 17. Qh3 Qe7 18. cxd5 exd5 19. Kh1 Bd7 20. Qg3 Bf5 21. Rg1 Kh8 22. h4 Rad8 23. Rd2 Rd7 24. Bf3 Rfd8 25. Qg5 Qxg5 26. hxg5 Kg8 27. Kh2 Kf7 28. Kg3 Ke6 29. Bg4 c5 30. Rh1 g6 31. Bxf5+ Kxf5 32. Kf3 b6 33. Rdh2 Rh8 34. Rd1 Rhd8 35. Rhd2 a6 36. b3 b5 37. Rc1 Rc7 38. Rdc2 Rdc8 39. b4 c4 40. Rc3 Ra8 41. Rd1 Rd8 42. Ra3 Rc6 43. Rc3 Rc7 44. Rxd5 Rxd5 45. e4+ Ke6 46. exd5+ Kxd5 47. Ke3 a5 48. bxa5 Ra7 49. Rc2 Rxa5 50. Rd2+ Kc5 51. Ke4 c3 52. Rc2 b4 53. e6 Kd6 54. Kd4 Rf5 55. Re2 Rxf4+ 56. Kd3 Ke7 57. Kc2 Rg4 58. Kb3 Rxg5 59. Kxb4 c2 60. Rxc2 Kxe6 61. a4 h5 62. a5 h4 63. a6 Rh5 64. Rc6+ Kf7 65. Rc8 h3 66. a7 h2 67. a8Q h1Q 68. Rc7+ Kf6 69. Qd8+ Ke6 70. Qd7+ Kf6 71. Qd6+ Kf5 72. Rc5+ Ke4 73. Qxg6+ Kd4 1-0

[Event "BL 9899 (Women)"]
[Site "Germany"]
[Date "1999.03.28"]
[Round "11.4"]
[White "Mueller, Andrea"]
[Black "Didenko, Ljudmila"]
[Result "1/2-1/2"]
[WhiteElo "2155"]
[BlackElo "2025"]
[PlyCount "142"]
[EventDate "1998.10.24"]
[EventType "team-tourn"]
[EventRounds "11"]
[EventCountry "GER"]
[SourceTitle "GER-chT"]
[Source "ChessBase"]
[SourceDate "1999.07.01"]
[SourceVersion "1"]
[SourceVersionDate "1999.07.01"]
[SourceQuality "1"]
[WhiteTeam "Halle"]
[BlackTeam "Holsterhausen"]
[WhiteTeamCountry "GER"]
[BlackTeamCountry "GER"]

1. d4 d5 2. c4 c6 3. cxd5 cxd5 4. Nc3 Nc6 5. e4 e6 6. e5 Qb6 7. Nf3 Nge7 8. Na4 Qd8 9. Be2 Nf5 10. 0-0 Be7 11. a3 0-0 12. b4 g6 13. Bb2 Bd7 14. Rc1 a6 15. Nc5 Rb8 16. Qb3 Na7 17. a4 h5 18. Bd3 Ng7 19. b5 axb5 20. axb5 h4 21. Ra1 Nc8 22. h3 Nh5 23. Bc1 Qe8 24. Bh6 Ng7 25. Ng5 Nb6 26. Qb1 Qd8 27. f4 Bxg5 28. Bxg5 Qe8 29. Bxh4 Nh5 30. Ra7 Nc4 31. Bxc4 dxc4 32. Nxb7 Bxb5 33. Nd6 Qc6 34. Qe4 Qxe4 35. Nxe4 Bc6 36. Nd6 Rb2 37. Rf2 Rxf2 38. Kxf2 Nxf4 39. Nxc4 Nxg2 40. Be7 Re8 41. Bf6 Nf4 42. Nd6 Rf8 43. Be7 Rb8 44. Bf6 Rf8 45. h4 Nd5 46. Bg5 Nc3 47. Bh6 Rb8 48. Rc7 Ne4+ 49. Ke3 Kh7 50. Nxf7 Rb3+ 51. Kf4 Rb7 52. Rxc6 Nf2 53. Nd6 Rb3 54. Ne4 Nh3+ 55. Kg4 Kxh6 56. Rxe6 Re3 57. d5 Ng1 58. Kf4 Rd3 59. d6 Ne2+ 60. Kg4 Re3 61. d7 Rxe4+ 62. Kf3 Rd4 63. Rd6 Rxd6 64. exd6 Nd4+ 65. Ke4 Nc6 66. Kd5 Nd8 67. Kc5 g5 68. hxg5+ Kxg5 69. Kb6 Kf6 70. Kc7 Ne6+ 71. Kc8 Ke5 1/2-1/2

[Event "Oberliga Ost-B 9899"]
[Site "Germany"]
[Date "1999.??.??"]
[Round "?"]
[White "Mueller, Andrea"]
[Black "Henrich, Thomas"]
[Result "1-0"]
[WhiteElo "2155"]
[BlackElo "2445"]
[PlyCount "119"]
[EventDate "1998.10.??"]
[EventType "team"]
[EventRounds "11"]
[EventCountry "GER"]
[SourceTitle "EXT 2000"]
[Source "ChessBase"]
[SourceDate "1999.11.16"]
[SourceVersion "1"]
[SourceVersionDate "1999.11.16"]
[SourceQuality "1"]

1. d4 Nf6 2. c4 g6 3. Nf3 Bg7 4. g3 0-0 5. Bg2 d6 6. 0-0 Nc6 7. Nc3 a6 8. Be3 Ng4 9. Bc1 e5 10. d5 Ne7 11. h3 Nh6 12. c5 f6 13. cxd6 cxd6 14. e4 b5 15. Be3 Bd7 16. a3 Nf7 17. Nd2 a5 18. b4 f5 19. f3 Bh6 20. Qe2 f4 21. gxf4 exf4 22. Bd4 Qb8 23. Nb3 a4 24. Na5 Bg7 25. Qf2 Ne5 26. Rfd1 g5 27. Bf1 N7g6 28. Rac1 Nh4 29. Bxe5 Bxe5 30. Nc6 Qe8 31. Nxb5 Qh5 32. Nbd4 Bxc6 33. dxc6 Bxd4 34. Bc4+ Rf7 35. Bxf7+ Kxf7 36. Rxd4 Nxf3+ 37. Kf1 Qxh3+ 38. Ke2 Nxd4+ 39. Qxd4 Qxa3 40. Qd5+ Kf8 41. Qxd6+ Kf7 42. Qd7+ Kf8 43. Qf5+ Ke8 44. Qe6+ Kf8 45. Qf6+ Ke8 46. Qh8+ Ke7 47. Qxh7+ Kf8 48. Qh8+ Kf7 49. Qh7+ Kf8 50. Qf5+ Ke8 51. Qe5+ Kf7 52. Qd5+ Kf8 53. Qc5+ Ke8 54. c7 Rc8 55. Qe5+ Kf7 56. Qf5+ Ke7 57. Qxg5+ Ke8 58. Qe5+ Kf7 59. Qxf4+ Ke7 60. Qe5+ 1-0

[Event "Oberliga Ost-B 9899"]
[Site "Germany"]
[Date "1999.??.??"]
[Round "?"]
[White "Mueller, Andrea"]
[Black "Mueller, Horst"]
[Result "0-1"]
[WhiteElo "2155"]
[BlackElo "2075"]
[PlyCount "72"]
[EventDate "1998.10.??"]
[EventType "team"]
[EventRounds "11"]
[EventCountry "GER"]
[SourceTitle "EXT 2000"]
[Source "ChessBase"]
[SourceDate "1999.11.16"]
[SourceVersion "1"]
[SourceVersionDate "1999.11.16"]
[SourceQuality "1"]

1. d4 f5 2. c4 Nf6 3. Nf3 g6 4. g3 Bg7 5. Bg2 0-0 6. 0-0 d6 7. d5 c5 8. Nc3 a6 9. a4 Nbd7 10. a5 Rb8 11. Qc2 b5 12. cxb5 axb5 13. Ng5 Ne5 14. f4 Nc4 15. a6 Qb6 16. a7 Ra8 17. Ne6 Bxe6 18. dxe6 d5 19. Nxd5 Nxd5 20. Bxd5 Rxa7 21. Rxa7 Qxa7 22. Bxc4 bxc4 23. Qxc4 Rd8 24. Be3 Bd4 25. Bxd4 Rxd4 26. Qc3 Qb6 27. e3 Re4 28. Ra1 Qc6 29. Ra5 Rxe6 30. Rxc5 Qf3 31. Re5 Rd6 32. Qc4+ Kf8 33. Qc8+ Kf7 34. Rxe7+ Kxe7 35. Qc7+ Rd7 36. Qe5+ Kf7 0-1

[Event "BL 9899 (Women)"]
[Site "Germany"]
[Date "1998.10.25"]
[Round "2.4"]
[White "Delemarre, Isabel"]
[Black "Mueller, Andrea"]
[Result "1-0"]
[WhiteElo "2195"]
[BlackElo "2155"]
[PlyCount "95"]
[EventDate "1998.10.24"]
[EventType "team-tourn"]
[EventRounds "11"]
[EventCountry "GER"]
[SourceTitle "GER-chT"]
[Source "ChessBase"]
[SourceDate "1999.07.01"]
[SourceVersion "1"]
[SourceVersionDate "1999.07.01"]
[SourceQuality "1"]
[WhiteTeam "Karlsruhe"]
[BlackTeam "Halle"]
[WhiteTeamCountry "GER"]
[BlackTeamCountry "GER"]

1. e4 g6 2. d4 Bg7 3. Nc3 d6 4. Be3 c6 5. f4 Nf6 6. h3 Qb6 7. Qd2 d5 8. e5 Nfd7 9. 0-0-0 e6 10. g4 Qc7 11. f5 b5 12. Nf3 b4 13. Nb1 c5 14. f6 Bf8 15. Bh6 Bxh6 16. Qxh6 cxd4 17. Bb5 Ba6 18. Qg7 Rf8 19. Nxd4 Bxb5 20. Nxb5 Qxe5 21. Rhf1 Na6 22. Rde1 Qg5+ 23. Nd2 0-0-0 24. Nd6+ Kb8 25. Nxf7 Rxf7 26. Qxf7 Nac5 27. Re2 d4 28. Qe7 Rc8 29. Qd6+ Ka8 30. Kb1 d3 31. cxd3 Nxf6 32. Ref2 Qd5 33. Qxd5+ Nxd5 34. Rf8 Rxf8 35. Rxf8+ Kb7 36. Rf7+ Kc6 37. Rxh7 Nxd3 38. Kc2 N3f4 39. Nf3 a5 40. Ng5 Kd6 41. Ra7 Kc5 42. Rxa5+ Kd4 43. a4 bxa3 44. Ra4+ Kc5 45. bxa3 Ne3+ 46. Kb3 e5 47. Re4 Ned5 48. Rxe5 1-0

[Event "BL 9899 (Women)"]
[Site "Germany"]
[Date "1998.10.24"]
[Round "1.4"]
[White "Mueller, Andrea"]
[Black "Brendel, Bergit"]
[Result "0-1"]
[WhiteElo "2155"]
[BlackElo "2100"]
[PlyCount "48"]
[EventDate "1998.10.24"]
[EventType "team-tourn"]
[EventRounds "11"]
[EventCountry "GER"]
[SourceTitle "GER-chT"]
[Source "ChessBase"]
[SourceDate "1999.07.01"]
[SourceVersion "1"]
[SourceVersionDate "1999.07.01"]
[SourceQuality "1"]
[WhiteTeam "Halle"]
[BlackTeam "Hofheim"]
[WhiteTeamCountry "GER"]
[BlackTeamCountry "GER"]

1. d4 Nf6 2. c4 g6 3. Nf3 Bg7 4. g3 0-0 5. Bg2 d6 6. 0-0 Nc6 7. Nc3 e5 8. d5 Ne7 9. e4 Nd7 10. Qc2 f5 11. Ng5 Nf6 12. f4 exf4 13. Bxf4 Ng4 14. Nf3 c6 15. c5 fxe4 16. Nxe4 Nxd5 17. Bg5 Qa5 18. Nxd6 Be6 19. Rae1 Nb4 20. Qd2 Qxc5+ 21. Kh1 Bd5 22. Be7 Qc2 23. Qxb4 Bxf3 24. Bxf3 Qxh2# 0-1

[Event "BL 9798 (Women)"]
[Site "Germany"]
[Date "1998.??.??"]
[Round "?.4"]
[White "Mueller, Andrea"]
[Black "Moingt, Anne"]
[Result "1-0"]
[WhiteElo "2115"]
[BlackElo "2145"]
[PlyCount "75"]
[EventDate "1997.10.??"]
[EventType "team-tourn"]
[EventRounds "11"]
[EventCountry "GER"]
[SourceTitle "EXT 1999"]
[Source "ChessBase"]
[SourceDate "1998.11.16"]
[SourceVersion "1"]
[SourceVersionDate "1998.11.16"]
[SourceQuality "1"]
[WhiteTeam "Halle"]
[BlackTeam "Karlsruhe"]
[WhiteTeamCountry "GER"]
[BlackTeamCountry "GER"]

1. d4 Nf6 2. g3 d5 3. Bg2 c6 4. Nf3 Bg4 5. 0-0 Nbd7 6. Ne5 Bf5 7. Nd2 e6 8. c4 Be7 9. b3 0-0 10. Bb2 a5 11. Nxd7 Qxd7 12. f3 c5 13. e4 dxe4 14. fxe4 Bg4 15. Qe1 cxd4 16. e5 Ne8 17. Qe4 Bf5 18. Qxb7 Qxb7 19. Bxb7 Rb8 20. Be4 Bxe4 21. Nxe4 f5 22. Nf2 Rd8 23. Rad1 Bc5 24. Nd3 Ba7 25. Ba3 Rf7 26. Nc5 Bxc5 27. Bxc5 Rfd7 28. Bb6 Rb8 29. Bxa5 Ra8 30. b4 Nc7 31. Rf4 d3 32. Rf3 d2 33. Rf2 Na6 34. Rfxd2 Rb7 35. a3 Kf7 36. Rd7+ Rxd7 37. Rxd7+ Kg6 38. Bb6 1-0

[Event "GER-ch U20 Girls"]
[Site "Apolda"]
[Date "1997.??.??"]
[Round "6"]
[White "Eckhardt, Claudia"]
[Black "Mueller, Andrea"]
[Result "1/2-1/2"]
[WhiteElo "2140"]
[BlackElo "2125"]
[PlyCount "43"]
[EventDate "1997.??.??"]
[EventType "tourn"]
[EventRounds "9"]
[EventCountry "GER"]
[SourceTitle "EXT 1999"]
[Source "ChessBase"]
[SourceDate "1998.11.16"]
[SourceVersion "1"]
[SourceVersionDate "1998.11.16"]
[SourceQuality "1"]

1. d4 Nf6 2. Nf3 g6 3. g3 Bg7 4. Bg2 0-0 5. 0-0 d6 6. c4 Nc6 7. d5 Na5 8. Nfd2 c5 9. Nc3 a6 10. Qc2 Rb8 11. a3 b6 12. b4 Nb7 13. Rb1 cxb4 14. axb4 a5 15. Ba3 Bd7 16. e3 axb4 17. Bxb4 Nc5 18. Bxc5 bxc5 19. Nb5 Bxb5 20. cxb5 Nd7 21. Nc4 Nb6 22. Rb3 1/2-1/2

[Event "BL 9798 (Women)"]
[Site "Germany"]
[Date "1997.??.??"]
[Round "?.4"]
[White "Kube, Hannelore"]
[Black "Mueller, Andrea"]
[Result "0-1"]
[WhiteElo "2050"]
[BlackElo "2115"]
[PlyCount "76"]
[EventDate "1997.10.??"]
[EventType "team-tourn"]
[EventRounds "11"]
[EventCountry "GER"]
[SourceTitle "EXT 1999"]
[Source "ChessBase"]
[SourceDate "1998.11.16"]
[SourceVersion "1"]
[SourceVersionDate "1998.11.16"]
[SourceQuality "1"]
[WhiteTeam "Weimar"]
[BlackTeam "Halle"]
[WhiteTeamCountry "GER"]
[BlackTeamCountry "GER"]

1. c4 Nf6 2. Nc3 g6 3. d4 Bg7 4. e4 d6 5. Be2 0-0 6. Bg5 h6 7. Be3 e5 8. dxe5 dxe5 9. Qxd8 Rxd8 10. Nf3 Nc6 11. 0-0 Nd4 12. Bd1 Ne8 13. Nd5 Be6 14. Rc1 c6 15. Bxd4 exd4 16. Nf4 Nc7 17. Be2 g5 18. Nd3 f5 19. exf5 Bxf5 20. Rfd1 Re8 21. Bf1 Ne6 22. c5 Bf6 23. g3 g4 24. Nh4 Be4 25. Bg2 Bxd3 26. Rxd3 Bxh4 27. gxh4 Nf4 28. Rb3 Ne2+ 29. Kf1 Nxc1 30. Rxb7 d3 31. Bxc6 d2 32. Ba4 Re1+ 33. Kg2 Ne2 34. f3 gxf3+ 35. Kf2 d1Q 36. Bxd1 Rxd1 37. c6 Rc1 38. Rc7 Nd4 0-1

[Event "EU-Cup (Women) 02nd"]
[Site "Rijeka"]
[Date "1997.??.??"]
[Round "2"]
[White "Medunova, Vera"]
[Black "Mueller, Andrea"]
[Result "1/2-1/2"]
[WhiteElo "2175"]
[BlackElo "2125"]
[PlyCount "97"]
[EventDate "1997.06.19"]
[EventType "team-k.o."]
[EventRounds "3"]
[EventCountry "CRO"]
[SourceTitle "EXT 2020"]
[Source "ChessBase"]
[SourceDate "2019.10.17"]
[SourceVersion "1"]
[SourceVersionDate "2019.10.17"]
[SourceQuality "1"]
[WhiteTeam "Wuppertal ESG 1851 (W)"]
[BlackTeam "Halle USV (W)"]
[WhiteTeamCountry "GER"]
[BlackTeamCountry "GER"]

1. e4 d6 2. d4 Nf6 3. Nc3 g6 4. Be2 Bg7 5. Be3 c6 6. f3 Nbd7 7. Nh3 b5 8. Nf2 b4 9. Na4 Qa5 10. b3 Nb6 11. Nb2 Nfd7 12. 0-0 c5 13. Qd2 Ba6 14. Bxa6 Qxa6 15. Rfd1 Rc8 16. Rdc1 Qb5 17. c4 bxc3 18. Rxc3 0-0 19. Rac1 Qa5 20. a4 Bxd4 21. Bxd4 cxd4 22. Qxd4 Rxc3 23. Qxc3 Qg5 24. Nbd3 Rc8 25. Qe1 Nc5 26. f4 Nxd3 27. Rxc8+ Nxc8 28. Nxd3 Qf6 29. e5 dxe5 30. Qxe5 Qb6+ 31. Qc5 Qxc5+ 32. Nxc5 f6 33. b4 Kf7 34. b5 e5 35. fxe5 fxe5 36. a5 Ke7 37. Kf2 Kd6 38. Ne4+ Kd5 39. Nf6+ Kc5 40. b6 axb6 41. axb6 Nxb6 42. Nxh7 Nd7 43. Ke3 Kd5 44. h3 e4 45. g3 Ke5 46. Ng5 Nf6 47. Nf7+ Ke6 48. Nh6 Ke5 49. Nf7+ 1/2-1/2

[Event "BL 9697 (Women)"]
[Site "Germany"]
[Date "1997.??.??"]
[Round "?"]
[White "Mueller, Andrea"]
[Black "Arnhold, Kerstin"]
[Result "1/2-1/2"]
[WhiteElo "2085"]
[BlackElo "2035"]
[PlyCount "109"]
[EventDate "1996.10.??"]
[EventType "team-tourn"]
[EventRounds "11"]
[EventCountry "GER"]
[SourceTitle "EXT 2000"]
[Source "ChessBase"]
[SourceDate "1999.11.16"]
[SourceVersion "1"]
[SourceVersionDate "1999.11.16"]
[SourceQuality "1"]

1. d4 Nf6 2. c4 e6 3. Nf3 b6 4. g3 Bb7 5. Bg2 Be7 6. Nc3 0-0 7. 0-0 Ne4 8. Qc2 Nxc3 9. bxc3 f5 10. d5 Na6 11. Nd4 Nc5 12. Rd1 Bd6 13. Ba3 Qf6 14. Nb5 f4 15. Rf1 Be5 16. Rab1 Qe7 17. Nd4 Rf6 18. Bxc5 Qxc5 19. Nf3 Bd6 20. Ng5 Rh6 21. Qd3 fxg3 22. hxg3 Be5 23. Ne4 Qe7 24. dxe6 dxe6 25. c5 Rd8 26. Qe3 Bd5 27. cxb6 axb6 28. Rbd1 Rf8 29. f4 Bxe4 30. Bxe4 Bd6 31. Bg2 Bc5 32. Rd4 Qf7 33. Qf3 Qf6 34. e3 Bxd4 35. cxd4 Qe7 36. Rc1 c5 37. dxc5 bxc5 38. Qc6 Qa7 39. Qxc5 Qxa2 40. Qd6 Qe2 41. Qa3 Qg4 42. e4 Rg6 43. Kh2 h5 44. Qf3 h4 45. Qxg4 Rxg4 46. Bh3 hxg3+ 47. Kg2 Rg6 48. f5 exf5 49. Bxf5 Rg5 50. Rc3 Rgxf5 51. exf5 Rxf5 52. Kxg3 Kf7 53. Kg4 Kg6 54. Rc6+ Rf6 55. Rxf6+ 1/2-1/2